000 00356nam a2200121Ia 4500
008 220616s9999||||xx |||||||||||||| ||und||
245 0 _aWater Conservation
546 _aEnglish[eng]
650 _aHydrology & the hydrosphere
700 _aJha, Manoj K.
856 _uhttps://mts.intechopen.com/storage/books/908/authors_book/authors_book.pdf
942 _cEB
999 _c20212
_d20212